Statistics for Ligue 1 Top scorers

Click here to take the quiz!

General Stats

  • This quiz has been taken 39 times
  • The average score is 2 of 15

Answer Stats

GoalsNationalityGoals per club(s)Spieler% Correct
183FranceMonaco (16), Paris Saint-Germain (167)Kylian Mbappé
100%
164FranceNice (42), Reims (122)Just Fontaine
25%
255FranceLyon (123), Saint-Étienne (14), Bordeaux (118)Bernard Lacombe
6%
179ArgentinaReims (107), Paris Saint-Germain (64), Strasbourg (8)Carlos Bianchi
6%
299ArgentinaReims (39), Monaco (157), Tours (64), Toulon (39)Delio Onnis
6%
187FranceLyon (182), Red Star (5)Fleury Di Nallo
6%
179SwedenMarseille (169), Bordeaux (10)Andersson
3%
173MoroccoNîmes (119), Reims (48), Monaco (6)Hassan Akesbi
3%
206FranceMetz (45), Racing (152), Valenciennes (9)Thadée Cisowski
3%
163FranceBordeaux (158), Marseille (5)Alain Giresse
0%
216FranceSaint-Étienne (175), Nice (41)Hervé Revelli
0%
169FranceLille (167), Roubaix (2)Jean Baratte
0%
190FranceStade Français (3), Sète (15), Nîmes (38), Nice (59), Racing (75)Joseph Ujlaki
0%
210FranceSochaux (209), Troyes (1)Roger Courtois
0%
203FranceNancy (91), Reims (106), Nice (6)Roger Piantoni
0%

Score Distribution

Percentile by Number Answered

Percent of People with Each Score

Your Score History

You have not taken this quiz